LIBRARY ONLINE CATALOGUE

Researching information systems and computing / (Record no. 11377)

MARC details
000 -LEADER
fixed length control field 00698nam a22002172 4500
001 - CONTROL NUMBER
control field 0000020650
005 - DATE AND TIME OF LATEST TRANSACTION
control field 20151217154441.0
008 - FIXED-LENGTH DATA ELEMENTS--GENERAL INFORMATION
fixed length control field 110929s xx 000 0 eng d
020 ## - INTERNATIONAL STANDARD BOOK NUMBER
International Standard Book Number 1412902243 :
040 ## - CATALOGING SOURCE
Original cataloging agency KABU
Transcribing agency KABU
100 1# - MAIN ENTRY--PERSONAL NAME
Personal name Oates, Briony J.
-- 0000181128
245 10 - TITLE STATEMENT
Title Researching information systems and computing /
Statement of responsibility, etc. Briony J. Oates.
250 ## - EDITION STATEMENT
Edition statement 1st ed.
260 ## - PUBLICATION, DISTRIBUTION, ETC. (IMPRINT)
Place of publication, distribution, etc. London :
Name of publisher, distributor, etc. SAGE,
Date of publication, distribution, etc. 2006.
300 ## - PHYSICAL DESCRIPTION
Extent xviii, 341 p.
650 #0 - SUBJECT ADDED ENTRY--TOPICAL TERM
Topical term or geographic name as entry element Management information systems
General subdivision Research
-- Methodology.
-- 0000181129
650 #0 - SUBJECT ADDED ENTRY--TOPICAL TERM
Topical term or geographic name as entry element Information technology
General subdivision Research.
-- 0000181130
852 1# - LOCATION
-- p3974.20 KES
908 ## - PUT COMMAND PARAMETER (RLIN)
Put command parameter 110929
950 ## - LOCAL HOLDINGS (RLIN)
-- 1
Holdings
Withdrawn status Lost status Source of classification or shelving scheme Not for loan Home library Current library Date acquired Total Checkouts Full call number Barcode Date last seen Price effective from Koha item type
    Library of Congress Classification   Kabarak, Main Campus Kabarak, Nakuru City Campus 17/12/2015   T58.64 .O28 2006 c. 1 19367 17/12/2015 17/12/2015 General Collection